| 000 | 00000nas 2200000za 4500 |
|---|---|
| 001 | 9.504397 |
| 003 | CaOODSP |
| 005 | 20231204100227 |
| 007 | cr ||||||||||| |
| 008 | 150406d20002000xxc|| p o||||f| |0eng|d |
| 022 | |a0840-1748 |
| 040 | |aCaOODSP|beng |
| 043 | |an-cn--- |
| 086 | 1 |aR12-8E-PDF|zR12-8E-IN |
| 245 | 00|aTransition. |
| 264 | 1|aOttawa, Ontario : |bIndian and Northern Affairs |
| 310 | |aMonthly |
| 362 | 1 |aBegan with January 2000; ceased with March 2000. |
| 710 | 1 |aCanada. |bIndian and Northern Affairs Canada, |eissuing body. |
| 775 | 08|tTransition.|w(CaOODSP)9.500827 |
| 785 | 00|tCircles of light.|w(CaOODSP)9.504394 |